000 nam a22 7a 4500
999 _c53736
_d53736
003 OSt
005 20220915165912.0
008 220725b xxu||||| |||| 00| 0 eng d
040 _cIIMT UNIVERSITY
100 _aSHELDON, SIDNEY
245 _aTHE NAKED FACE
260 _bPEN BOOKS
_cLONDON
_a1970
300 _a222
942 _2ddc
_c09